| 000 | 00901nas a2200301 4500 | ||
|---|---|---|---|
| 001 | BR0200555 | ||
| 003 | BR-BrBNA | ||
| 005 | 20231205102700.0 | ||
| 007 | ta | ||
| 008 | 230509b bl.|||p| |||| 00| 00por d | ||
| 040 |
_aBR-BrBNA _bpor _cBiblioteca Nacional de Agricultura |
||
| 041 | _a(Pt) | ||
| 072 | _aL53 | ||
| 100 | 1 | _aBueno, R. | |
| 100 | 1 | _aCosta, E.P. | |
| 100 | 1 | _aGuimarães, J.D. | |
| 100 | 1 | _aValentim, F.M. | |
| 245 | 1 | _aQualidade espermática do sêmen criopreservado de cães. I - Efeito do meio diluidor | |
| 650 | _aCÃO | ||
| 650 | _aSÊMEN | ||
| 650 | _aCONSERVAÇÃO | ||
| 650 | _aMÉTODO ESTATÍSTICO | ||
| 650 | _aLESÃO | ||
| 650 | _aRESFRIAMENTO | ||
| 773 | 0 |
_tArquivo Brasileiro de Medicina Veterinária e Zootecnia (Brazil) _xISSN 0102-0935 _g(Jun 2001), v. 53(3) p. 364-371 _wBR0200555 |
|
| 909 |
_a202311 _bLúcia _c55 _dLúcia Elande |
||
| 942 |
_2AGRIS _n0 _cANA |
||
| 999 |
_c168796 _d168796 |
||